[Event "BLR-ch 1st League"]
[Site "Minsk"]
[Date "2021.12.09"]
[Round "1"]
[White "Yankouski, Vitali"]
[Black "Tsaruk, Maksim"]
[Result "0-1"]
[WhiteElo "1669"]
[BlackElo "2343"]
[PlyCount "54"]
[EventDate "2021.12.09"]
[EventType "swiss"]
[EventRounds "9"]
[EventCountry "BLR"]
[SourceTitle "EXT 2023"]
[Source "ChessBase"]
[SourceDate "2022.10.05"]
[SourceVersion "1"]
[SourceVersionDate "2022.10.05"]
[SourceQuality "1"]

1. d4 Nf6 2. Nf3 b5 3. Bf4 Bb7 4. e3 a6 5. Nbd2 e6 6. c3 Be7 7. Bd3 Nh5 8. 0-0 0-0 9. h3 Nxf4 10. exf4 c5 11. Ne4 c4 12. Bc2 Qc7 13. g3 f5 14. Ned2 Bd5 15. a3 Nc6 16. Qe2 a5 17. Kh2 b4 18. Ba4 bxc3 19. bxc3 Rab8 20. Rfd1 Rb2 21. Qf1 Rfb8 22. Ne5 Nxe5 23. fxe5 f4 24. gxf4 Rf8 25. Kg3 Qd8 26. Rab1 Rxd2 27. Rxd2 Bg5 0-1